Economía regional (Registro nro. 6165)

Detalles MARC
000 -LEADER
fixed length control field 01150 a2200205 4500
001 - CONTROL NUMBER
control field 57227
005 - DATE AND TIME OF LATEST TRANSACTION
control field 20260407155835.0
008 - FIXED-LENGTH DATA ELEMENTS--GENERAL INFORMATION
fixed length control field 260407a1969 arg spa d
003 - CONTROL NUMBER IDENTIFIER
control field AR-UNSa-BCEJYS
040 ## - CATALOGING SOURCE
Original cataloging agency AR-UNSa-BCEJYS
Language of cataloging spa
Transcribing agency AR-UNSa-BCEJYS
080 ## - UNIVERSAL DECIMAL CLASSIFICATION NUMBER
Universal Decimal Classification number 332.1
Common auxiliary subdivision Economía regional. Economía territorial
100 1# - MAIN ENTRY--PERSONAL NAME
Personal name Nourse, Hugh O.
245 10 - TITLE STATEMENT
Title Economía regional
Name of part/section of a work estudio de la estructura, estabilidad y desarrollo económico de regiones
264 #1 - PRODUCTION, PUBLICATION, DISTRIBUTION, MANUFACTURE, AND COPYRIGHT NOTICE
Place of production, publication, distribution, manufacture Barcelona :
Name of producer, publisher, distributor, manufacturer Oikos-tau
Date of production, publication, distribution, manufacture, or copyright notice 1969
300 ## - PHYSICAL DESCRIPTION
Extent 298 p.
Dimensions 21 cm.
505 ## - FORMATTED CONTENTS NOTE
Formatted contents note I. Introducción – II. La localización del productor individual - PRIMERA PARTE: La estructura Regional – III. Los sistemas de los ciudades – IV. Estructura de la localización industrial – V. El uso del suelo SEGUNDA PARTE: Medida y cambio de la actividad regional – VI. Medida de actividad económica regional – VII. Teoría interregional del comercio y la renta – VIII. Crecimiento económico regional – IX. El impacto del crecimiento sobre la estructura – X. Política publica.
590 ## - LOCAL NOTE (RLIN)
Local note niveau_biblio:m niveau_hierar:0
700 1# - ADDED ENTRY--PERSONAL NAME
Personal name Carreras Puigdengolas, J.M.
942 ## - ADDED ENTRY ELEMENTS (KOHA)
Koha item type
Existencias
Withdrawn status Lost status Damaged status Not for loan Home library Current library Shelving location Date acquired Total checkouts Full call number Barcode Date last seen Price effective from Koha item type
        Biblioteca Prof. Eusebio Cleto del Rey Biblioteca Prof. Eusebio Cleto del Rey   07/04/2026   332.1 N933 L23591 07/04/2026 07/04/2026 Libro
        Biblioteca Prof. Eusebio Cleto del Rey Biblioteca Prof. Eusebio Cleto del Rey   07/04/2026   332.1 N933 L33533 07/04/2026 07/04/2026 Libro
        Biblioteca Prof. Eusebio Cleto del Rey Biblioteca Prof. Eusebio Cleto del Rey   07/04/2026   332.1 N933 L33532 07/04/2026 07/04/2026 Libro